2. Weltkrieg Bilder Quiz - Statistiken

Allgemein
  • Dieses Quiz wurde 1.171 mal gespielt
  • Das Durchschnittsergebnis liegt bei 4 aus 8
Antwortstatistiken
Bildquiz Antwort % Korrekt
Sowjet Union
91%
Schutzstaffel
90%
Reichsadler
64%
Panzerfaust
57%
Erwin Rommel
49%
Operation Barbarossa
42%
Sturmabteilung
39%
Führerbunker
14%
Keine übereinstimmenden Quizze gefunden
Verteilung der Resultate
Anzahl Personen mit jedem Resultat
Perzentil nach korrekt beantworteten Fragen
Ihre Resultats-Entwicklung
Sie haben dieses Quiz noch nicht gespielt